000 00374nam a2200157Ia 4500
003 OSt
005 20240217123502.0
008 170523s9999 xx 000 0 und d
020 _a ‎ 978-8184880670
040 _ciimt university meerut
100 _aSINGH- PREETI
245 0 _aINVESTMENT MANAGEMENT
260 _bHIMALAYA PUBLICATION
260 _c1993
942 _2ddc
_c02
999 _c482
_d482